Statistics for How Many Premier Leagues Have They Won?

Click here to take the quiz!

General Stats

  • This quiz has been taken 167 times
    (102 since last reset)
  • The average score is 4 of 7

Answer Stats

HintAnswer% Correct
Manchester United13
85%
Leicester City1
79%
Blackburn Rovers1
67%
Manchester City7
57%
Chelsea5
48%
Liverpool1
37%
Arsenal3
37%

Score Distribution

Percentile by Number Answered

Percent of People with Each Score

Your Score History

You have not taken this quiz since the last reset